[Event "IV Copa Marcel Duchamp 2020"]
[Site "Montevideo"]
[Date "2020.02.11"]
[Round "5.13"]
[White "Meza, Anahi"]
[Black "Coppola, Claudio"]
[Result "1/2-1/2"]
[WhiteElo "2046"]
[BlackElo "2314"]
[Annotator "TA"]
[PlyCount "78"]
[EventDate "2020.02.08"]
[EventType "swiss"]
[EventCountry "URU"]
[SourceTitle "playchess.com"]
[Source "ChessBase"]
[SourceQuality "1"]

{[%evp 20,78,48,14,41,-22,30,47,37,44,58,41,34,-3,-5,-6,-4,-5,41,0,0,0,0,0,83,-26,0,0,0,-7,-6,-39,-16,-28,-17,-16,-17,-28,-6,-6,-6,-6,0,0,0,0,0,0,0,0,6,6,9,0,1,1,6,6,8,6,6]} 1. d4 Nf6 2. c4 c5 3. d5 b5 4. cxb5 a6 5. bxa6 g6 6. Nc3 Bxa6 7. Nf3 Bg7 8. g3 d6 9. Bg2 Nbd7 {[%cal Bb8d7,Bd7b6,Bb6d5,Bd5c3,Bc3e2][%mdl 32]} 10. O-O Nb6 11. Rb1 Bc4 {[%cal Rf6d5] A58: Benko/Volga Gambit: Lines with 5 bxa6.} 12. b4 ({Better is} 12. Ng5 $14) 12... Nfxd5 (12... Nbxd5 $142 13. Nxd5 Bxd5) 13. Nxd5 $11 Nxd5 {White is slightly better.} 14. Bb2 $1 {[%cal Rb2g7]} Bxb2 15. Rxb2 {[#]} Nc3 $146 ({Predecessor:} 15... Nxb4 16. Rxb4 cxb4 17. Qd4 O-O 18. Qxc4 Qc8 19. Qxb4 Rxa2 20. e3 Qc7 21. Qh4 Kg7 {½-½ (60) Poliakov,S (2314)-Obodchuk,A (2402) Orsk 2000}) 16. Qa1 O-O $36 {[%mdl 2048] aiming for ...cxb4. Black has the initiative.} ({But not} 16... Bxe2 $2 17. Rc1 $18) 17. bxc5 $1 Nxe2+ 18. Kh1 dxc5 19. Ne5 (19. Re1 $5 {[%cal Rf3e5]}) 19... Ba6 20. Nc6 Qd6 21. Re1 Rac8 {[#]} (21... Nd4 $11 22. Nxe7+ {[%mdl 64] Discovered Attack} Kg7) 22. Rb6 (22. Rd2 $1 $16 {[%cal Rd2d6][%mdl 512]} Rxc6 (22... Qxd2 23. Nxe7#) 23. Rxd6 Rxd6 24. h4) 22... Bc4 23. Qb2 {Na5 is the strong threat.} Bd5 $1 {[%cal Rd5g2]} 24. Nxe7+ Qxe7 25. Qxe2 (25. Rxe2 {feels hotter.} Qg5 26. Rd6 Be6 27. h4 Qe7 28. Rdd2) 25... Qa7 (25... Qxe2 {seems wilder.} 26. Rxe2 Be6 27. a4 Rfd8 28. Re1 c4) 26. Qa6 Qxa6 27. Rxa6 Bc4 28. Ra3 Rfe8 29. Rc1 {The position is equal.} Be6 30. Bf1 Red8 31. Bc4 Rd2 32. Bxe6 fxe6 {[%mdl 4096] Endgame KRR-KRR} 33. Kg2 Rc7 34. Rac3 Rd5 35. a4 Kf7 36. Rb3 Ke7 37. a5 Ra7 38. Rb5 c4 39. Rb4 Rdxa5 {Accuracy: White = 78%, Black = 84%.} 1/2-1/2

[Event "IV Copa Marcel Duchamp 2020"]
[Site "Montevideo"]
[Date "2020.02.11"]
[Round "5.14"]
[White "El Ters, Antouan"]
[Black "Menna Barreto, Felipe Kubiaki"]
[Result "1/2-1/2"]
[WhiteElo "2189"]
[BlackElo "2395"]
[Annotator "TA"]
[PlyCount "104"]
[EventDate "2020.02.08"]
[EventType "swiss"]
[EventCountry "URU"]
[SourceTitle "playchess.com"]
[Source "ChessBase"]
[SourceQuality "1"]

{[%evp 9,104,-62,-70,-62,-50,-50,35,27,89,33,37,39,32,0,110,93,86,87,106,76,80,80,106,22,70,28,20,8,5,5,7,0,0,0,0,0,0,0,0,0,12,0,133,127,131,104,233,218,226,215,249,83,64,50,56,59,88,60,58,44,33,35,27,0,40,46,26,0,0,0,8,8,12,0,0,0,0,0,0,0,14,8,10,10,10,10,14,8,8,8,8,8,8,8,10,0,0]} 1. Nf3 Nf6 2. b3 d6 3. Bb2 e5 {[#]} 4. Nc3 $146 ({Predecessor:} 4. e3 Nbd7 5. c4 g6 6. d4 Bg7 7. dxe5 Ng4 8. Be2 Ngxe5 9. Nxe5 Nxe5 10. Qd2 O-O 11. O-O Re8 12. Nc3 {1-0 (57) Nakamura,H (2763)-Jones,G (2677) chess.com INT 2018}) 4... e4 5. Ng5 d5 6. e3 {A05: Réti Opening: 1 Nf3 Nf6.} h6 (6... Nc6 {keeps more tension.} 7. Bb5 Qd6 8. f3 h6 9. Nh3 Bxh3 10. Bxc6+ Qxc6 11. gxh3 O-O-O) 7. Nh3 c5 (7... c6 $15) 8. d3 $14 {White is slightly better.} Qa5 (8... Nc6 $11 {keeps the balance.}) 9. Qd2 (9. dxe4 $16 {Threatens to win with e5.} dxe4 10. Nf4) 9... Bxh3 10. gxh3 {Hoping for dxe4.} Nc6 11. dxe4 dxe4 (11... d4 $11) 12. O-O-O Rd8 13. Qe2 Bd6 14. Qb5 Qxb5 15. Nxb5 Bb8 16. Rg1 ({White should play} 16. Bg2 $16) 16... Rxd1+ $11 17. Kxd1 Kf8 18. Bg2 a6 19. Nc3 Bxh2 20. Rh1 Be5 21. Kc1 Bxc3 22. Bxc3 Nd5 23. Bb2 $36 {[%mdl 2048] White is more active.} f5 24. Rd1 Nf6 25. Ba3 Nb4 (25... Kf7 $11 {remains equal.}) 26. Rd8+ $16 Ne8 27. Rb8 Nxa2+ (27... h5 $16 {keeps fighting.}) 28. Kd2 $18 Nb4 29. Rxb7 h5 {[#] and the idea ...Rh6 leaves Black hopeful.} 30. Bxb4 $2 (30. c3 $1 $18 {[%cal Rc3b4] and the rest is easy.} Nc6 31. Bxc5+ Kg8 32. Bf1) 30... cxb4 $16 31. Rxb4 $18 {[%mdl 4096] Endgame KRB-KRN} Rh6 32. Bf1 Nc7 33. Rc4 Rd6+ 34. Ke1 (34. Kc1 $5 {[%cal Rc4c7]} Ne6 35. Ra4 $14) 34... Ne6 35. h4 g5 36. Bh3 Rd5 37. Rc6 Ke7 38. Rxa6 (38. Bf1 $5 {[%cal Rf1c4]} gxh4 39. Rxa6 $11) 38... gxh4 {The position is equal.} 39. c4 Rd3 40. Bxf5 Ng5 $1 {[#] White must now prevent ...h3.} 41. f4 Nf3+ 42. Ke2 Rd2+ 43. Kf1 Rb2 44. Rh6 Rxb3 45. Rxh5 Rxe3 46. Kf2 Rc3 47. Bxe4 Nd2 48. Bg2 (48. Bb7 {looks sharper.} Rxc4 49. Rxh4 Kf6 50. Bd5 Rc5 51. Bc6) 48... Nxc4 49. Rxh4 Rc2+ 50. Kf3 Rc3+ 51. Ke4 Nd6+ 52. Kd5 Rd3+ {Accuracy: White = 70%, Black = 72%.} 1/2-1/2

[Event "IV Copa Marcel Duchamp 2020"]
[Site "Montevideo"]
[Date "2020.02.11"]
[Round "5.15"]
[White "Benoit, Rodrigo"]
[Black "Vitoux, Colomban"]
[Result "1/2-1/2"]
[WhiteElo "2170"]
[BlackElo "2377"]
[Annotator "TA"]
[PlyCount "78"]
[EventDate "2020.02.08"]
[EventType "swiss"]
[EventCountry "URU"]
[SourceTitle "playchess.com"]
[Source "ChessBase"]
[SourceQuality "1"]

{[%evp 9,78,32,33,12,11,16,18,21,31,24,20,12,39,24,41,29,46,36,20,22,44,47,65,66,65,8,12,13,26,22,45,44,47,17,70,41,49,21,94,101,90,96,92,99,107,103,92,100,93,85,91,85,91,91,91,91,85,89,143,77,102,29,29,29,29,29,29,25,29,29,82]} 1. e4 Nf6 2. e5 Ng8 3. Nf3 d6 4. exd6 cxd6 5. d4 Nf6 6. Bd3 {B02: Alekhine's Defence: Chase Variation and lines with early Nc3.} g6 7. O-O Bg7 8. Re1 {The position is equal.} O-O 9. c3 Nc6 10. Bg5 {[#]} Rb8 $146 ({Predecessor:} 10... Re8 11. Nbd2 h6 12. Bxf6 Bxf6 13. Nc4 Bg7 14. a4 b6 15. h4 e6 16. d5 Ne7 17. dxe6 Bxe6 {½-½ (64) Alvarado Diaz,A (2380)-Sumets,A (2585) Llucmajor 2019}) 11. Nbd2 b5 12. h3 Re8 13. Ne4 Nxe4 14. Bxe4 d5 15. Bc2 b4 16. Ba4 $36 {[%mdl 2048] White is pushing.} Bd7 17. Bb3 (17. Rc1 $14) 17... bxc3 $11 18. bxc3 Qa5 19. Qd2 Rbc8 20. Rac1 Bf5 21. Bf4 Qb5 (21... Be4 $11) 22. Qd1 (22. c4 $5 {[%cal Rc4b5]} Qb4 23. cxd5 Qxd2 24. Bxd2 (24. Nxd2 Nxd4 25. Rxc8 Rxc8 $16) 24... Nxd4 25. Rxc8 Bxc8 26. Nxd4 Bxd4 27. Ba4 $16) 22... Red8 23. Re3 Kf8 (23... h6 $11 {remains equal.}) 24. g4 $16 Be4 25. Ng5 e5 26. dxe5 Nxe5 27. Bxe5 Bxe5 {[#]} 28. Nxf7 $1 {[%mdl 512]} Kxf7 29. Rxe4 $1 Bf6 30. Qf3 Kg7 31. Re6 Rf8 32. Qxd5 Qxd5 33. Bxd5 Rfd8 {[#]} (33... Rxc3 $142 34. Rxc3 Bxc3) 34. Bb3 (34. Rb1 $142 $1) 34... Rd3 35. Re3 ({Better is} 35. c4 $16) 35... Rxe3 $11 {White has an edge.} 36. fxe3 Rxc3 37. Rxc3 Bxc3 38. Kg2 Kf6 39. h4 Ke5 {Accuracy: White = 77%, Black = 77%.} (39... h6 $11) 1/2-1/2

[Event "IV Copa Marcel Duchamp 2020"]
[Site "Montevideo"]
[Date "2020.02.11"]
[Round "5.16"]
[White "Torella, Rodolfo"]
[Black "Michailov, Matias"]
[Result "1/2-1/2"]
[WhiteElo "2081"]
[BlackElo "2262"]
[Annotator "TA"]
[PlyCount "77"]
[EventDate "2020.02.08"]
[EventType "swiss"]
[EventCountry "URU"]
[SourceTitle "playchess.com"]
[Source "ChessBase"]
[SourceQuality "1"]

{[%evp 13,77,16,30,25,20,-66,9,18,87,84,97,49,57,64,54,54,97,94,118,112,114,79,99,54,91,28,23,0,0,11,0,0,0,-11,-18,-71,68,-24,-28,-325,-210,-573,-558,-505,-198,-184,-174,-270,-264,-314,-107,-90,0,-1044,-189,-364,0,0,0,0,0,0,0,0,0,0]} 1. e4 c5 2. Nf3 d6 3. d4 cxd4 4. Nxd4 Nf6 5. f3 e5 6. Nb3 Be6 7. c4 Nbd7 (7... Nxe4 $6 8. fxe4 Qh4+ 9. Kd2 $16) 8. Nc3 {B55: Sicilian: 2...d6 3 d4 cxd4 4 Nxd4 Nf6 5 f3.} Rc8 9. Nd5 {was the old line (9.Be3).} (9. Be3 $11) 9... Bxd5 (9... b5 $1 $15 10. cxb5 Nxe4) 10. cxd5 $11 {[#]} h5 $146 (10... Nxe4 $11 {keeps the balance.} 11. fxe4 Qh4+ {[%mdl 64] Double Attack} 12. Kd2 Qxe4) ({Predecessor:} 10... g6 11. Be3 a6 12. Qd2 Bg7 13. Be2 O-O 14. O-O Nh5 15. Rac1 Rxc1 16. Rxc1 f5 {0-1 (60) Fernandez Vallejo,L (2063)-Nordquelle,D (2235) Lisbon 2019}) 11. Be3 $16 h4 12. Bd3 (12. Bxa7 b6 $17) 12... Nh5 13. O-O ({Weaker is} 13. Bxa7 b6 $17) 13... Be7 14. Qd2 O-O 15. Rfc1 (15. Bxa7 $2 b6 $17) 15... Rxc1+ 16. Rxc1 Qb8 17. Qc2 Bd8 18. Bb5 Nb6 19. a4 (19. Qd2 $16) 19... a6 $11 20. a5 Nxd5 $1 21. exd5 {Strongly threatening Bf1.} axb5 22. Qd3 Nf4 $36 {[%mdl 2048] Black fights for an advantage.} 23. Qxb5 {And now a6 would win.} Bg5 {Threatens to win with ...Nh3+!} 24. Kf1 {[#]} (24. Rc3 $11) 24... e4 ({Black should try} 24... Qd8 $1 $17 {...Nxg2! is the strong threat.} 25. Rc3 Qe7) 25. fxe4 ({White should play} 25. Rc4 $1 $14 Qd8 26. Rxe4) 25... Qd8 $1 {[%cal Rd8f6] Hoping for ...Qf6.} 26. Nd2 $2 {[%mdl 8192] [#]} (26. Rc3 $11 {and White stays safe.}) 26... Nxg2 $1 {[%mdl 512]} 27. Bxg5 $2 (27. Bb6 {nothing else works.} Qf6+ 28. Kxg2 Bxd2 29. Rf1 Qg6+ {[%mdl 64] Double Attack} 30. Kh3) (27. Kxg2 Bxe3) 27... Qxg5 $19 28. Qe2 Ne3+ $2 (28... Nf4 29. Qf3 f5) 29. Kf2 Ng4+ 30. Ke1 (30. Kg1 $142) 30... Re8 31. Rc7 Nf6 $2 (31... f5 $19 {and Black stays clearly on top. White must now prevent ...fxe4.} 32. Rc3 (32. Rxb7 $2 Rc8 $19) 32... fxe4) 32. Rxb7 $17 Nxd5 (32... Qg1+ $17 33. Qf1 Qg6) 33. Kd1 $2 {[%mdl 8192]} (33. Rb5 $11 Qg1+ 34. Qf1) 33... Nf4 $2 (33... Ne3+ 34. Kc1 Qg1+ 35. Nf1 Nxf1) 34. Qb5 $2 (34. Qe3 d5 35. Rb4) 34... Qg1+ $2 (34... Qg4+ $19 35. Kc2 Rc8+ 36. Nc4 Qf3) 35. Qf1 $11 {The position is equal.} Qg4+ ({But not} 35... Qxh2 $6 36. a6 $16) 36. Qf3 Qg1+ {[%mdl 64] Double Attack} 37. Qf1 Qg4+ $1 ({Of course not} 37... Qxh2 $6 38. a6 $16) 38. Qf3 Qg1+ {[%mdl 64] Double Attack} 39. Qf1 {Accuracy: White = 37%, Black = 47%.} 1/2-1/2

[Event "IV Copa Marcel Duchamp 2020"]
[Site "Montevideo"]
[Date "2020.02.11"]
[Round "5.17"]
[White "Amura, Claudia"]
[Black "Trois, Francisco R.T."]
[Result "1/2-1/2"]
[WhiteElo "2245"]
[BlackElo "2141"]
[Annotator "TA"]
[PlyCount "32"]
[EventDate "2020.02.08"]
[EventType "swiss"]
[EventCountry "URU"]
[SourceTitle "playchess.com"]
[Source "ChessBase"]
[SourceQuality "1"]

{[%evp 18,32,41,31,49,44,48,44,48,57,46,53,46,62,102,61,51]} 1. d4 d6 2. c4 Nf6 3. Nc3 g6 4. e4 Bg7 5. Be2 O-O 6. Bg5 c5 7. d5 a6 8. a4 Qa5 9. Bd2 e6 10. Nf3 Re8 {E74: King's Indian: Averbakh Variation: 6...c5.} 11. O-O exd5 12. exd5 Bg4 13. h3 {[#] Strongly threatening Ne4!} Bxf3 14. Bxf3 Qc7 15. Qc2 {[#]} h5 $146 ({Predecessor:} 15... Nbd7 16. Rfe1 h6 17. Rxe8+ Rxe8 18. Re1 Qb8 19. b3 Nh7 20. Rxe8+ Qxe8 21. Qe4 Qd8 22. Bd1 Kf8 23. Bc2 Qe7 24. Qxe7+ Kxe7 {½-½ (35) Flumbort,A (2448)-Ghaem Maghami,E (2603) Lausanne 2005}) 16. g3 Nbd7 1/2-1/2

[Event "IV Copa Marcel Duchamp 2020"]
[Site "Montevideo"]
[Date "2020.02.11"]
[Round "5.18"]
[White "Dotta, Gian Franco"]
[Black "Larrea, Manuel"]
[Result "0-1"]
[WhiteElo "2000"]
[BlackElo "2243"]
[Annotator "TA"]
[PlyCount "100"]
[EventDate "2020.02.08"]
[EventType "swiss"]
[EventCountry "URU"]
[SourceTitle "playchess.com"]
[Source "ChessBase"]
[SourceQuality "1"]

{[%evp 23,100,37,31,17,11,33,41,13,16,16,45,0,74,65,128,129,110,76,82,58,44,54,39,-39,-33,-43,-17,-15,0,0,37,36,98,0,0,-8,-17,-141,-122,-139,-139,-139,-139,-139,-139,-144,-148,-165,-173,-179,-96,-158,-91,-108,-100,-104,-87,-90,-90,-191,-189,-314,0,-60,0,-2292,-2120,-2048,-1906,-29973,-29972,-29974,-29975,-29974,-29975,-29969,-29969,-12842,-5114]} 1. e4 c5 2. Nf3 Nc6 3. d4 cxd4 4. Nxd4 Nf6 5. Nc3 d6 6. Bg5 e6 7. Qd2 Be7 8. O-O-O a6 9. f4 Nxd4 10. Qxd4 b5 11. Bxf6 gxf6 12. e5 d5 13. Be2 {B66: Sicilian: Richter-Rauzer: 7...a6 8 0-0-0 h6.} f5 {[#]} 14. Bf3 $146 ({Predecessor:} 14. g4 b4 15. Na4 Qa5 16. b3 fxg4 17. Bxg4 h5 18. Bh3 Bd7 19. f5 Rc8 20. fxe6 Bxe6 {½-½ (59) Tukhaev,A (2516)-Can,E (2471) Ankara 2009}) 14... Bb7 15. g4 {White is slightly better.} fxg4 16. Bxg4 Rc8 {[#] White must now prevent ...Rc4.} 17. Qd3 Rc4 (17... d4 $11 {remains equal.} 18. Ne4 Qd5) 18. Rhf1 $16 Bc5 (18... h5 $14 19. Bh3 b4) 19. Qh3 b4 20. Na4 Ba7 21. Be2 Re4 22. Bd3 Re3 23. Rf3 (23. Qg4 $14) 23... Rxf3 $15 24. Qxf3 Bc6 25. b3 Bxa4 26. bxa4 Qh4 27. f5 Qxh2 ({Black should try} 27... Bd4 $14) 28. Bxa6 (28. fxe6 $16 Qh6+ 29. Kb1 fxe6 30. Bxa6) 28... Qxe5 $11 29. Bb5+ Ke7 {...Qe3+ is the strong threat.} 30. fxe6 {[#]} (30. Kb1 $1 $11 {was the only way to keep the balance.}) 30... Qe3+ $1 $17 ({Not} 30... Kxe6 31. Kb1 $14) 31. Qxe3 Bxe3+ {[%mdl 4096] Endgame KRB-KRB} 32. Kb2 fxe6 33. Kb3 Bc5 34. a5 h5 35. Rh1 h4 36. Rh3 Kf6 ({Black should play} 36... Kd6 $19 37. a6 e5) 37. Ka4 (37. Rf3+ $142 Ke7 38. Rh3) 37... Kg5 ({Better is} 37... e5 38. a6 Ke7) 38. Bd7 Rh6 {Threatens to win with ...Kg4.} 39. Kb5 Bg1 40. Rh1 Be3 41. Re1 (41. a6 $17) 41... Kf4 $19 {aiming for ...h3.} 42. a6 (42. Rh1 $142) 42... e5 $2 (42... h3 $19 {Hoping for ...h2.} 43. Rh1 Kg3) 43. Bc6 (43. Rf1+ $1 $11 Kg3 44. Bc6) 43... Rd6 (43... e4 $15 44. Bxd5 h3) 44. Rxe3 $4 {[%mdl 8192]} (44. Rf1+ $11 Kg4 45. Rf7) 44... Kxe3 $11 {KR-KB} 45. a7 Rd8 46. a8=Q Rxa8 47. Bxa8 Kd4 48. Kxb4 h3 49. c3+ Ke3 50. Bxd5 e4 {Accuracy: White = 51%, Black = 61%.} 0-1

[Event "IV Copa Marcel Duchamp 2020"]
[Site "Montevideo"]
[Date "2020.02.11"]
[Round "5.19"]
[White "Carbone, Diego"]
[Black "Pichuaga, Juan Pablo"]
[Result "1/2-1/2"]
[WhiteElo "2239"]
[BlackElo "2030"]
[Annotator "TA"]
[PlyCount "70"]
[EventDate "2020.02.08"]
[EventType "swiss"]
[EventCountry "URU"]
[SourceTitle "playchess.com"]
[Source "ChessBase"]
[SourceQuality "1"]

{[%evp 12,70,26,17,56,53,60,47,58,55,49,49,67,68,67,67,71,69,74,70,95,85,91,67,58,67,126,98,100,80,87,58,58,57,75,46,47,52,48,0,16,0,0,0,0,0,0,0,0,0,0,0,0,0,0,0,0,0,0,0,0]} 1. d4 e6 2. c4 d5 3. Nf3 Nf6 4. g3 Bb4+ 5. Bd2 Bxd2+ 6. Nbxd2 O-O 7. Bg2 Ne4 {E11: Bogo-Indian.} 8. O-O Nxd2 9. Nxd2 {[#]} Nd7 $146 {White is slightly better.} ({Predecessor:} 9... c6 10. e4 Qb6 11. cxd5 Qxd4 12. Qc2 exd5 13. exd5 cxd5 14. Nb3 Qc4 15. Qxc4 dxc4 {1-0 (78) Dudin,D (2165)-Gagarkine,N (1987) Saratov 2008}) 10. Qc2 c6 11. e4 dxe4 12. Nxe4 Nf6 13. Rad1 Nxe4 14. Bxe4 g6 15. Rfe1 Qc7 16. h4 Bd7 17. h5 {[%cal Rh5g6]} f5 18. Bf3 g5 (18... f4 $14) 19. Re5 g4 20. Be2 Rf6 21. c5 Raf8 22. Qd2 Qd8 23. Qf4 Qe8 24. Qg5+ Kh8 25. Bc4 Qf7 {The position is equal.} 26. Rde1 Rg8 27. Qe3 {[%cal Rc4e6]} Qxh5 28. Bxe6 Rh6 {[%csl Gh6][%cal Rh5h1] [#]} 29. Kf1 Bxe6 30. Rxe6 Rxe6 31. Qxe6 $11 {aiming for Qf6+. KQR-KQR} Qh1+ 32. Ke2 Qf3+ 33. Kf1 {[#] White threatens Qf6+ and mate.} Qh1+ $1 34. Ke2 Qf3+ 35. Kf1 {Threatening mate with Qf6+.} Qh1+ $1 {Accuracy: White = 74%, Black = 89%.} 1/2-1/2

[Event "IV Copa Marcel Duchamp 2020"]
[Site "Montevideo"]
[Date "2020.02.11"]
[Round "5.20"]
[White "Contin, Daniel"]
[Black "Suarez, Pedro"]
[Result "1/2-1/2"]
[WhiteElo "2267"]
[BlackElo "2063"]
[Annotator "TA"]
[PlyCount "128"]
[EventDate "2020.02.08"]
[EventType "swiss"]
[EventCountry "URU"]
[SourceTitle "playchess.com"]
[Source "ChessBase"]
[SourceQuality "1"]

{[%evp 14,128,29,19,19,9,5,-28,0,-5,0,-48,-33,-50,0,5,0,-35,-30,-58,-50,-45,-59,-67,-64,-75,-56,-64,-45,-92,-26,-74,-84,-276,-77,-94,-65,-82,0,-79,-58,-31,-6,-72,-70,-120,-121,-225,-208,-214,-224,-296,-230,-346,-134,-332,-325,-475,-173,-267,-256,-260,-237,-290,-164,-120,0,0,0,0,0,0,0,0,0,-1,-10,-69,-40,-704,-675,-1038,-1015,-4647,-2578,-12794,-879,-3096,-2729,-637,0,0,0,0,0,0,0,0,0,0,0,0,0,0,0,0,0,0,0,0,0,0,0,0,0,0,0]} 1. c4 e5 2. Nc3 Nc6 3. g3 d6 4. Bg2 Be6 5. d3 Qd7 6. Rb1 g6 7. b4 Bg7 8. Nd5 Nd8 {A25: English Opening vs King's Indian with ...Nc6 but without early d3.} 9. e4 c6 10. h3 {[#]} f6 $146 {Black has an edge.} ({Predecessor:} 10... f5 11. exf5 gxf5 12. Nc3 Ne7 13. Nge2 O-O 14. f4 Ng6 15. O-O Nf7 16. b5 exf4 17. bxc6 bxc6 18. Bxf4 Nxf4 19. Rxf4 {1-0 (33) Grigorian,K (2405)-Mnatsakanian,E (2430) Yerevan 1986}) 11. Nc3 Ne7 12. Qa4 O-O 13. b5 Nf7 (13... b6 $15) 14. Nge2 $11 f5 15. h4 f4 16. gxf4 exf4 17. Bxf4 Ne5 18. Qc2 Bg4 19. Be3 Bf3 20. Bxf3 Nxf3+ 21. Kd1 Qg4 (21... d5 $1 $17 {[%cal Rd5d4] ...d4 is the strong threat.} 22. bxc6 bxc6 23. cxd5 cxd5 24. Nxd5 Nxd5 25. exd5 Rac8) 22. Qb3 c5 {[%mdl 1024] Black has strong compensation.} 23. Kc2 $2 (23. Kc1 $17) 23... Rf7 $2 (23... Nd4+ $1 $19 {is more deadly.} 24. Nxd4 cxd4) 24. Qa4 Nd4+ {[%mdl 64] Discovered Attack} 25. Kd2 $1 Nf3+ (25... a6 $1 $17) 26. Kc1 (26. Kc2 $11 {was the only way to keep the balance.}) 26... Raf8 27. Qd1 h5 28. Kb2 (28. Qf1 $11) 28... Nd4 $17 29. Ka3 a6 $1 30. Bxd4 (30. b6 $17) 30... cxd4 $19 31. Nd5 Nxd5 32. exd5 Rxf2 33. Nc1 (33. bxa6 $142 Ra8 34. Re1) 33... Qc8 $2 (33... axb5 $1 $19 {has better winning chances.} 34. Qxg4 hxg4) 34. Qa4 $2 {[#]} (34. Qe1 $17) 34... axb5 $1 35. Qxb5 (35. Rxb5 {was the only defense.} Qg4 36. Nb3) 35... b6 $2 (35... Bh6 36. Qa5 Rc2) 36. Qc6 (36. Rb2 {was called for.}) 36... Qa6+ 37. Qa4 {[#]} Qb7 $1 38. Re1 Ra8 (38... Bh6 $142 39. Re8 Rxe8 40. Qxe8+ Kh7) 39. Re8+ Rf8 (39... Rxe8 $17 40. Qxe8+ Kh7) 40. Qxa8 $1 $11 Qxa8+ 41. Rxa8 Rxa8+ {[%mdl 4096] Endgame KRB-KRN} 42. Kb4 Bf6 43. Kb5 Bxh4 44. Kc6 Bg3 45. Rxb6 (45. Ne2 $11 Be5 46. Ng1) 45... h4 46. Kb7 $2 {[%mdl 8192]} (46. Ne2 $15 Be5 47. Ng1) 46... Re8 $19 47. c5 h3 {White must now prevent ...h2.} 48. Ne2 Rxe2 {KRB-KR} 49. c6 Re7+ 50. c7 h2 51. Rb1 Bf2 $2 (51... Be1 $19 52. Rxe1 Rxe1 53. c8=Q+ Kf7) 52. Rh1 $1 $11 {[%cal Rh1h2] The position is equal.} Bg1 {aiming for ...g5.} 53. a4 $1 {[%cal Ra4a5]} g5 54. a5 {Strongly threatening a6.} g4 55. a6 {Hoping for a7.} g3 56. a7 Rxc7+ 57. Kxc7 {KR-KB} g2 (57... Kf7 $5 58. a8=Q $8 g2 $11) 58. a8=Q+ Kg7 (58... Kf7 $5 59. Qc8 $8 (59. Rxh2 $2 Bxh2 60. Kd7 g1=Q $19) 59... gxh1=Q 60. Qf5+ Kg8 61. Qg5+ Kh8 62. Qh6+ Kg8 63. Qg5+ Kh7 64. Qh5+ Kg8 65. Qg5+ $11) 59. Qc8 {Threatening mate with Qd7+.} ({But not} 59. Rxh2 $2 Bxh2 60. Qd8 g1=Q $19) 59... gxh1=Q 60. Qg4+ Kh6 61. Qh4+ Kg6 62. Qg4+ Kh6 63. Qh4+ Kg6 64. Qg4+ Kh6 {Accuracy: White = 39%, Black = 63%.} 1/2-1/2

[Event "IV Copa Marcel Duchamp 2020"]
[Site "Montevideo"]
[Date "2020.02.11"]
[Round "5.21"]
[White "Carvalho, Guillermo"]
[Black "Serafim Junior, Arnor"]
[Result "1-0"]
[WhiteElo "2187"]
[BlackElo "1765"]
[Annotator "TA"]
[PlyCount "79"]
[EventDate "2020.02.08"]
[EventType "swiss"]
[EventCountry "URU"]
[SourceTitle "playchess.com"]
[Source "ChessBase"]
[SourceQuality "1"]

{[%evp 11,79,6,33,25,27,23,29,33,41,33,33,22,40,35,27,18,43,7,27,24,22,-1,0,-28,-18,-53,-28,-77,-69,-339,-43,-15,-24,-46,0,7,20,-25,19,3,0,0,59,58,57,57,51,51,53,43,63,66,226,225,324,324,373,376,362,339,859,859,850,749,1323,1333,1287,1174,1672,1645]} 1. d4 Nf6 2. Nc3 d6 3. Bg5 Nbd7 4. e4 e5 5. Nf3 Be7 6. Bc4 c6 7. a4 {C41: Philidor Defence.} Qc7 8. O-O O-O 9. h3 {White has an edge.} Re8 10. Re1 h6 11. Bh4 Nf8 12. Bg3 {[%cal Rd4e5]} Ng6 13. Bb3 {[#]} Bd8 $146 ({Predecessor:} 13... b6 14. Qe2 Bf8 15. Qc4 Qb7 16. Qe2 Nh5 17. Bh2 Nhf4 18. Qd2 Qd7 19. dxe5 Nxg2 {0-1 (32) Nguyen,N-Hoang,T Dong Thap 2003}) 14. Qd2 Be6 15. Bxe6 Rxe6 16. d5 cxd5 17. exd5 Re8 18. Ra3 Qc5 19. Qe3 {Black should prevent Qxc5.} Bb6 {aiming for ...Qxa3!} 20. a5 $2 {[%mdl 8192] [#]} (20. Qxc5 $15 Bxc5 21. Rb3) 20... Qxe3 $2 (20... Qxa3 $1 $19 {[%mdl 512]} 21. axb6 (21. bxa3 Bxe3) 21... Qxb2) 21. fxe3 $15 Bc5 22. Rb3 Re7 ({Black should try} 22... Ne7 $15) 23. Bf2 $11 Rc8 24. Kf1 a6 25. Ra1 Rec7 26. Ra4 Ba7 ({Better is} 26... Ne7 $11) 27. Rab4 $14 Rb8 $1 28. Nd2 Ne7 29. e4 Bxf2 30. Kxf2 Nd7 31. Rc4 $36 {[%mdl 2048] White has good play.} Nc5 $2 (31... Rbc8 $14) 32. Rb6 $18 Nc8 {[#]} (32... Rbc8 $142 33. Rxd6 Nd7) 33. b4 $1 Nxb6 34. axb6 Nxe4+ 35. Ncxe4 Rxc4 $2 (35... Rd7 36. Rc7 Rxc7 37. bxc7 Rc8) 36. Nxc4 {White is clearly winning.} Kf8 37. Nexd6 f6 38. Ne4 Ke7 39. Nc5 Rc8 40. d6+ {Accuracy: White = 76%, Black = 43%.} 1-0